000 01131nam a2200289 c 4500
001 000030531
003 RuMoIPM
005 20260512120434.0
008 230210s1981 ru ||||||| |||| ||rus d
035 _a(RuMoBEN) 001976665
035 _a(ELAR retro) [2022] 000051584
040 _aRuMoBEN
_brus
_ercr
041 0 _arus
_heng
044 _aru
080 _a510.64
100 1 _aСмальян, Рэймонд Меррилл
245 1 0 _aТеория формальных систем
_cР. Смальян ; Пер. с англ. Н. К. Косовского ; Под ред. Н. А. Шанина
260 _aМосква
_bНаука
_c1981
300 _a207 с.
_bил.
490 0 _aМатематическая логика и основания математики
500 _aПер. изд.: Theory of formal systems / Raymond M. Smullyan (Princeton, N.J., 1962)
504 _aБиблиогр.: с. 202-204
504 _aУказ. определений, обозначений: с. 205-207
700 1 _aКосовский, Н. К.
_eпер.
700 1 _aШанин, Н. А.
_eред.
942 _cBK
999 _c30531
_d30531